| 000 -LEADER |
| fixed length control field |
00650nam a22002177a 4500 |
| 008 - FIXED-LENGTH DATA ELEMENTS--GENERAL INFORMATION |
| fixed length control field |
151013b xxu||||| |||| 00| 0 eng d |
| 020 ## - INTERNATIONAL STANDARD BOOK NUMBER |
| International Standard Book Number |
0312202008j |
| 041 0# - LANGUAGE CODE |
| Language code of text/sound track or separate title |
eng |
| 080 ## - UNIVERSAL DECIMAL CLASSIFICATION NUMBER |
| Universal Decimal Classification number |
316.77 |
| 100 1# - Rafti |
| Rafti |
Campbell, Richard, |
| 245 10 - TITLE STATEMENT |
| Title |
Media and culture : |
| Statement of responsibility, etc |
Richard Campbell, with Christopher R. Martin and Bettina Fabos. |
| 250 ## - |
| -- |
2nd ed. |
| 260 ## - |
| -- |
Boston : |
| -- |
Bedford/St. Martin's, |
| -- |
2000. |
| 300 ## - |
| -- |
xxxiii, 555 f. : |
| -- |
me il.; |
| -- |
26 cm. |
| 650 #0 - |
| -- |
Media |
| 650 #0 - |
| -- |
Kultura |
| 650 #0 - |
| -- |
Komunikim |
| 700 1# - |
| -- |
Martin, Christopher R. |
| 700 1# - |
| -- |
Fabos, Bettina. |
| 942 ## - ADDED ENTRY ELEMENTS (KOHA) |
| Source of classification or shelving scheme |
|
| Item type |
Books |